| 000 | 00705pam a2200241 a 4500 | ||
|---|---|---|---|
| 008 | |||
| 020 | _a0471527394 (hbk.) | ||
| 049 | _aMAIN | ||
| 090 |
_aQA184.A576 _bANT |
||
| 100 | 1 | _aAnton, Howard. | |
| 245 | 1 | 0 |
_aElementary linear algebra : _bapplications version / _cHoward Anton, Chris Rorres. |
| 250 | _a6th ed. | ||
| 260 |
_aNew York : _bWiley, _cc1991. |
||
| 300 |
_axv, 739, 49, 7 p. : _bill. (some col.) ; _c25 cm. |
||
| 500 | _aIncludes index. | ||
| 650 | 0 | _aAlgebras, Linear. | |
| 700 | 1 | _aRorres, Chris. | |
| 907 |
_a.b1035931x _b27-08-15 _c25-08-15 |
||
| 003 | |||
| 005 | 20230123122142.0 | ||
| 040 | _cNUST | ||
| 942 |
_cBOOKS _kQA184.A576 _mANT |
||
| 999 |
_c128688 _d128688 |
||